TV Show by Map Scene Quiz Stats

 Plays Quiz Updated Apr 17, 2018

Score 0/18 Timer 05:00
3 Plays Today
% Correct
The Simpsons
99.2%
Friends
97.9%
The Big Bang Theory
94.9%
Parks and Recreation
89%
Futurama
87.6%
Dora the Explorer
86.9%
Game of Thrones
85%
Saturday Night Live
80.3%
Everybody Loves Raymond
66.7%
% Correct
The Daily Show
62%
Animaniacs
58.3%
It's Always Sunny in Philadelphia
48.6%
The Mary Tyler Moore Show
42.1%
Welcome Back, Kotter
39.7%
NCIS
36.1%
Portlandia
24.2%
Boardwalk Empire
20.9%
The Last Man on Earth
10%

You're not logged in!

Compare scores with friends on all Sporcle quizzes.
OR
Log In

Sporcle TV

Today on Sporcle TV


Watch our educational content, quiz creation guides, and fun videos on Sporcle TV.

Show Comments

Extras

Top Quizzes Today


Score Distribution

Your Account Isn't Verified!

In order to create a playlist on Sporcle, you need to verify the email address you used during registration. Go to your Sporcle Settings to finish the process.

Report this User

Report this user for behavior that violates our Community Guidelines.

Details: